[Event "4NCL Division Four"]
[Site "Daventry, ENG"]
[Date "2023.02.04"]
[Round "5.11"]
[White "Smith, Alan A"]
[Black "Waddington, Mike P"]
[Result "1/2-1/2"]
[WhiteElo "2170"]
[BlackElo "2096"]
[PlyCount "87"]
[EventDate "2023.02.04"]
[WhiteTeam "Average Wood Pushers A"]
[BlackTeam "Poole Patzers"]

1. e4 c5 2. c3 Nf6 3. e5 Nd5 4. Nf3 Nc6 5. d4 cxd4 6. Bc4 Nb6 7. Bb3 d6 8. exd6
Qxd6 9. cxd4 Be6 10. O-O Bxb3 11. axb3 e6 12. Nc3 Be7 13. Be3 Nd5 14. Ne4 Qc7
15. Rc1 Qb6 16. Nfd2 O-O 17. Nc4 Qd8 18. Nc5 b6 19. Nd3 Rc8 20. Nde5 Ncb4 21.
Bd2 Bf6 22. Bxb4 Nxb4 23. Qd2 a5 24. Nf3 b5 25. Ne3 Qb6 26. Ng4 Be7 27. Nge5
Rfd8 28. h4 Rxc1 29. Rxc1 f6 30. Ng4 h5 31. Ne3 Bd6 32. Qe2 Bf4 33. g3 Bd6 34.
Rd1 Bb8 35. d5 Nxd5 36. Nxd5 exd5 37. Kg2 b4 38. Nd4 Be5 39. Nf5 d4 40. Qxh5
Qb7+ 41. Kg1 d3 42. Rxd3 Rxd3 43. Qe8+ Kh7 44. Qh5+ 1/2-1/2

[Event "4NCL Division Four"]
[Site "Daventry, ENG"]
[Date "2023.02.04"]
[Round "5.12"]
[White "Machacek, Martin"]
[Black "Rawlinson, Aidan M"]
[Result "1/2-1/2"]
[WhiteElo "2036"]
[BlackElo "2229"]
[PlyCount "79"]
[EventDate "2023.02.04"]
[WhiteTeam "Poole Patzers"]
[BlackTeam "Average Wood Pushers A"]

1. e4 g6 2. Bc4 Bg7 3. Nf3 d6 4. Bb3 Nf6 5. d3 O-O 6. O-O c5 7. Re1 Nc6 8. c3
d5 9. Ba4 dxe4 10. dxe4 Qc7 11. Qe2 Ng4 12. h3 Nge5 13. Nbd2 Rd8 14. Bc2 b6 15.
Nxe5 Nxe5 16. Nf3 Bb7 17. Bf4 Nxf3+ 18. Qxf3 Be5 19. Bh6 Rd7 20. Rad1 Rad8 21.
Rxd7 Rxd7 22. Bb3 c4 23. Bc2 b5 24. Qe3 Bc6 25. f4 Bg7 26. Bxg7 Kxg7 27. Rd1
Rxd1+ 28. Bxd1 e5 29. f5 f6 30. fxg6 hxg6 31. Bc2 Qb6 32. Qxb6 axb6 33. Kf2 Kh6
34. h4 Kh5 35. Kg3 g5 36. hxg5 Kxg5 37. Bb1 Bb7 38. Bc2 Bc6 39. Bb1 Bb7 40. Bc2
1/2-1/2

[Event "4NCL Division Four"]
[Site "Daventry, ENG"]
[Date "2023.02.04"]
[Round "5.13"]
[White "Zhu, Yaoyao"]
[Black "Weatherlake, John P"]
[Result "1/2-1/2"]
[WhiteElo "2056"]
[BlackElo "2036"]
[PlyCount "155"]
[EventDate "2023.02.04"]
[WhiteTeam "Average Wood Pushers A"]
[BlackTeam "Poole Patzers"]

1. e4 c5 2. Nf3 e6 3. c3 Nf6 4. e5 Nd5 5. d4 cxd4 6. cxd4 d6 7. Nc3 Nxc3 8.
bxc3 Qc7 9. Bd2 Nd7 10. Ng5 dxe5 11. Qh5 g6 12. Qf3 Nb8 13. Bb5+ Nc6 14. Bxc6+
bxc6 15. Nxf7 e4 16. Qf6 Rg8 17. Ng5 Bh6 18. O-O Rf8 19. Nxe6 Qxh2+ 20. Kxh2
Rxf6 21. Nc7+ Kd7 22. Bxh6 Kxc7 23. Bg7 Rf7 24. Be5+ Kd7 25. Kg3 Ba6 26. Rfe1
Raf8 27. Rxe4 Rxf2 28. Bf4 Rc2 29. Re3 Re8 30. Be5 Rb2 31. a4 Bc4 32. Rf3 Re7
33. Rf2 Rb3 34. Rf3 Rf7 35. Re3 Bd5 36. Ra2 Rxc3 37. Rxc3 Bxa2 38. Kh4 Bd5 39.
g4 h6 40. Kg3 Rf1 41. Bg7 h5 42. gxh5 gxh5 43. Kh4 Rh1+ 44. Rh3 Rg1 45. Rg3
Rh1+ 46. Rh3 Ra1 47. Kxh5 Rxa4 48. Rc3 Kc7 49. Bf6 Ra1 50. Be7 Kb6 51. Rc5 Kc7
52. Rc3 a5 53. Kg5 Rg1+ 54. Kf4 Rf1+ 55. Kg3 a4 56. Bc5 Kb7 57. Bd6 Kb6 58. Be7
Bb3 59. Kg2 Rf7 60. Ba3 Rf5 61. Kg1 Kb5 62. Kg2 Bc4 63. Kg3 Rd5 64. Kf3 Rxd4
65. Ke3 Rd1 66. Ke4 Ra1 67. Kd4 c5+ 68. Ke3 Rxa3 69. Rxa3 Kb4 70. Ra1 Kb3 71.
Kd2 Kb4 72. Kc2 Bb3+ 73. Kb2 c4 74. Rc1 c3+ 75. Rxc3 a3+ 76. Ka1 Kxc3 77. Kb1
a2+ 78. Ka1 1/2-1/2

[Event "4NCL Division Four"]
[Site "Daventry, ENG"]
[Date "2023.02.04"]
[Round "5.14"]
[White "Fuller, David Michael"]
[Black "Garcia-Ruiz Fuentes, Aitor"]
[Result "0-1"]
[WhiteElo "1980"]
[BlackElo "2060"]
[PlyCount "50"]
[EventDate "2023.02.04"]
[WhiteTeam "Poole Patzers"]
[BlackTeam "Average Wood Pushers A"]

1. e4 c5 2. Nc3 Nc6 3. f4 g6 4. Nf3 Bg7 5. Bb5 Nd4 6. Bd3 Nh6 7. Nxd4 cxd4 8.
Ne2 O-O 9. O-O d5 10. Ng3 e5 11. exd5 Qh4 12. f5 Ng4 13. h3 Nf6 14. Qf3 Nxd5
15. Qxd5 Qxg3 16. Qf3 Qxf3 17. Rxf3 gxf5 18. Bxf5 Bxf5 19. Rxf5 e4 20. Rc5 Rac8
21. Rxc8 Rxc8 22. c3 d3 23. Kf2 f5 24. g4 f4 25. Rb1 Rd8 0-1

[Event "4NCL Division Four"]
[Site "Daventry, ENG"]
[Date "2023.02.04"]
[Round "5.15"]
[White "Scoular, Adam"]
[Black "Clancy, Martin J"]
[Result "0-1"]
[WhiteElo "2012"]
[BlackElo "1796"]
[PlyCount "98"]
[EventDate "2023.02.04"]
[WhiteTeam "Average Wood Pushers A"]
[BlackTeam "Poole Patzers"]

1. e4 c5 2. Nc3 Nc6 3. Bb5 Nd4 4. Bc4 e6 5. Nf3 Ne7 6. Nxd4 cxd4 7. Ne2 Nc6 8.
d3 b5 9. Bb3 b4 10. O-O Bc5 11. Ng3 h5 12. f4 h4 13. Nh1 Bb7 14. Qg4 Qe7 15. f5
O-O-O 16. fxe6 f6 17. exd7+ Kb8 18. Bf4+ Ka8 19. Qg6 Rxd7 20. Rae1 Bd6 21. Bxd6
Qxd6 22. Nf2 Ne5 23. Qf5 Re7 24. Bd5 g6 25. Bxb7+ Kxb7 26. Qf4 Qe6 27. Nh3 Rf7
28. Qd2 Qd6 29. Nf4 g5 30. Nd5 a5 31. Qe2 g4 32. Rf4 h3 33. g3 Nf3+ 34. Rxf3
gxf3 35. Qxf3 Qe5 36. Nf4 Rc8 37. Ng6 Qg5 38. e5+ Kb6 39. e6 Rfc7 40. e7 Qxg6
41. Qd5 Qe8 42. Qxd4+ Kb7 43. Qd5+ Qc6 44. Qxc6+ Rxc6 45. e8=Q Rxe8 46. Rxe8
Rxc2 47. Re6 Rg2+ 48. Kf1 Rxh2 49. Rxf6 Rxb2 0-1

[Event "4NCL Division Four"]
[Site "Daventry, ENG"]
[Date "2023.02.04"]
[Round "5.16"]
[White "Popovic, Dragi"]
[Black "Kay, Lee P"]
[Result "1/2-1/2"]
[WhiteElo "1712"]
[BlackElo "2039"]
[PlyCount "130"]
[EventDate "2023.02.04"]
[WhiteTeam "Poole Patzers"]
[BlackTeam "Average Wood Pushers A"]

1. Nf3 d6 2. g3 e5 3. e4 f5 4. d3 Nf6 5. Nc3 Be7 6. Bg2 O-O 7. exf5 Bxf5 8. h3
Qc8 9. Qe2 Nc6 10. Bg5 Be6 11. a3 Qd7 12. O-O-O b5 13. d4 Bc4 14. Qe3 Nxd4 15.
Nxd4 exd4 16. Rxd4 Rae8 17. Qd2 Bf7 18. Rh4 c6 19. Ne4 Bg6 20. Nxf6+ Bxf6 21.
Bxf6 Rxf6 22. Re1 Rxe1+ 23. Qxe1 Qf5 24. Be4 Qxf2 25. Qxf2 Rxf2 26. Bxg6 hxg6
27. Rg4 Kf7 28. Kd1 Kf6 29. h4 c5 30. b3 a5 31. a4 b4 32. Rg5 Rf5 33. Rg4 g5
34. Ke2 gxh4 35. gxh4 g6 36. Ke3 d5 37. Ke2 Re5+ 38. Kd3 Re1 39. Kd2 Rf1 40.
Ke2 Rc1 41. Kd2 Rh1 42. Rf4+ Ke5 43. Rg4 Rh2+ 44. Kd3 Rh3+ 45. Kd2 Kf6 46. Rf4+
Ke5 47. Rg4 Kf6 48. Rf4+ Kg7 49. Rg4 Kh6 50. Ke2 Rc3 51. Kd2 Rf3 52. Rg5 Rf4
53. Rxd5 Rd4+ 54. Rxd4 cxd4 55. Kd3 Kh5 56. Kxd4 Kxh4 57. c4 bxc3 58. Kxc3 g5
59. b4 axb4+ 60. Kxb4 g4 61. a5 g3 62. a6 g2 63. a7 g1=Q 64. a8=Q Qb1+ 65. Kc5
Qc2+ 1/2-1/2

[Event "4NCL Division Four"]
[Site "Daventry, ENG"]
[Date "2023.02.04"]
[Round "5.21"]
[White "Adams, Mark"]
[Black "Sparkes, Daniel A"]
[Result "1-0"]
[WhiteElo "2016"]
[BlackElo "1967"]
[PlyCount "65"]
[EventDate "2023.02.04"]
[WhiteTeam "The Full Ponty"]
[BlackTeam "CSC/Kingston 2"]

1. e4 c5 2. Nf3 g6 3. d4 cxd4 4. Nxd4 Nc6 5. c4 Nf6 6. Nc3 Nxd4 7. Qxd4 d6 8.
f3 Bg7 9. Be3 O-O 10. Qd2 Bd7 11. Be2 Bc6 12. O-O a5 13. b3 Qc7 14. Rac1 Rfc8
15. Nd5 Bxd5 16. cxd5 Qd8 17. Bb5 Nd7 18. Qf2 Rxc1 19. Rxc1 Rc8 20. Rxc8 Qxc8
21. Qd2 Bc3 22. Qc1 Nf6 23. Kf1 a4 24. Bd4 axb3 25. axb3 Qc7 26. Qxc3 Qxc3 27.
Bxc3 Kf8 28. Ke2 Nh5 29. Bd2 e6 30. dxe6 fxe6 31. Be3 d5 32. exd5 exd5 33. g3
1-0

[Event "4NCL Division Four"]
[Site "Daventry, ENG"]
[Date "2023.02.04"]
[Round "5.22"]
[White "Amato, Giampiero"]
[Black "Perrett, David C"]
[Result "1/2-1/2"]
[WhiteElo "1940"]
[BlackElo "1959"]
[PlyCount "38"]
[EventDate "2023.02.04"]
[WhiteTeam "CSC/Kingston 2"]
[BlackTeam "The Full Ponty"]

1. c4 f5 2. g3 Nf6 3. Bg2 g6 4. Nc3 c6 5. Nh3 Bg7 6. O-O d6 7. d3 O-O 8. e4 Na6
9. Rb1 Nc7 10. Bg5 e5 11. Qd2 Ne6 12. Bxf6 Bxf6 13. exf5 gxf5 14. f4 Bg7 15. b4
Qf6 16. Ne2 Bd7 17. b5 Nc5 18. Nf2 Rae8 19. Qc2 Qe7 1/2-1/2

[Event "4NCL Division Four"]
[Site "Daventry, ENG"]
[Date "2023.02.04"]
[Round "5.23"]
[White "Hughes, Anthony"]
[Black "Vachtfeidl, Petr"]
[Result "1/2-1/2"]
[WhiteElo "1952"]
[BlackElo "1877"]
[PlyCount "49"]
[EventDate "2023.02.04"]
[WhiteTeam "The Full Ponty"]
[BlackTeam "CSC/Kingston 2"]

1. c4 e5 2. Nc3 Nf6 3. g3 Bb4 4. e4 Bxc3 5. dxc3 O-O 6. f3 d6 7. Be3 Nc6 8. Nh3
Re8 9. Nf2 a6 10. Bd3 Rb8 11. Qe2 Bd7 12. g4 Ne7 13. h4 b5 14. Rh2 c6 15. Nh1
d5 16. c5 dxe4 17. Bxe4 Nxe4 18. fxe4 Ng6 19. O-O-O Rb7 20. Ng3 Qa5 21. a3 Nf4
22. Bxf4 exf4 23. Nf5 Bxf5 24. gxf5 Rbe7 25. Rd4 1/2-1/2

[Event "4NCL Division Four"]
[Site "Daventry, ENG"]
[Date "2023.02.04"]
[Round "5.24"]
[White "Eckert, Jonathan"]
[Black "Davies, Peter"]
[Result "0-1"]
[WhiteElo "1715"]
[BlackElo "1879"]
[PlyCount "50"]
[EventDate "2023.02.04"]
[WhiteTeam "CSC/Kingston 2"]
[BlackTeam "The Full Ponty"]

1. e4 e5 2. Nc3 Nf6 3. Bc4 c6 4. d3 d5 5. exd5 cxd5 6. Bb5+ Nc6 7. Nf3 d4 8.
Bxc6+ bxc6 9. Ne4 Be7 10. O-O Qc7 11. c4 Nxe4 12. dxe4 O-O 13. Qd3 f5 14. Re1
f4 15. g3 g5 16. h4 g4 17. Nxe5 Qxe5 18. Bxf4 Rxf4 19. gxf4 Qxf4 20. Qxd4 Bd6
21. Rad1 Qh2+ 22. Kf1 g3 23. Rd3 g2+ 24. Ke2 Bg4+ 25. f3 g1=Q+ 0-1

[Event "4NCL Division Four"]
[Site "Daventry, ENG"]
[Date "2023.02.04"]
[Round "5.25"]
[White "Dixon, Chris"]
[Black "Grey, Nicholas D"]
[Result "1/2-1/2"]
[WhiteElo "1805"]
[BlackElo "1719"]
[PlyCount "96"]
[EventDate "2023.02.04"]
[WhiteTeam "The Full Ponty"]
[BlackTeam "CSC/Kingston 2"]

1. Nf3 d6 2. d3 c5 3. g3 Nc6 4. Bg2 g6 5. e4 Bg7 6. O-O Nf6 7. c3 O-O 8. Re1
Rb8 9. h3 Bd7 10. d4 cxd4 11. cxd4 Qc8 12. Kh2 Nb4 13. Nc3 b5 14. a3 Nc6 15. e5
Ne8 16. Bf4 e6 17. Qd2 d5 18. b4 Qd8 19. Bf1 Nc7 20. Bd3 Rb7 21. Ne2 Ne7 22.
Nc1 Nc8 23. Nb3 Na6 24. Nc5 Nxc5 25. bxc5 a5 26. Rec1 Bc6 27. Rab1 Qc7 28. Rb2
Na7 29. Rcb1 Rfb8 30. Qe1 Nc8 31. Bd2 a4 32. Ba5 Qe7 33. Qe2 Ra7 34. Bb4 Rab7
35. Bd2 Qd7 36. Rb4 Na7 37. h4 Qe7 38. Ne1 f5 39. Nc2 h6 40. f4 Qf7 41. R4b2
Qd7 42. Rg1 Qd8 43. Nb4 Bf8 44. Be3 Qe8 45. Rgb1 h5 46. Na6 Rc8 47. Nb4 Rcb8
48. Na6 Rc8 1/2-1/2

[Event "4NCL Division Four"]
[Site "Daventry, ENG"]
[Date "2023.02.04"]
[Round "5.26"]
[White "Denning, Julie L"]
[Black "Reid, David"]
[Result "1-0"]
[WhiteElo "1617"]
[BlackElo "1571"]
[PlyCount "103"]
[EventDate "2023.02.04"]
[WhiteTeam "CSC/Kingston 2"]
[BlackTeam "The Full Ponty"]

1. b3 e5 2. Bb2 Nc6 3. e3 b6 4. Bb5 Nge7 5. d3 d5 6. Bxe5 Bd7 7. Bb2 Ng6 8. Nf3
f6 9. Nbd2 Bd6 10. O-O Qe7 11. c4 dxc4 12. Nxc4 O-O-O 13. Nxd6+ Qxd6 14. Rc1
Nce5 15. Bxd7+ Rxd7 16. Nd4 Kb8 17. f4 Nxd3 18. Qxd3 c5 19. Ba3 Qd5 20. Bxc5
bxc5 21. Qb5+ Qb7 22. Qxb7+ Kxb7 23. Rxc5 Re8 24. Kf2 Nxf4 25. Rd1 Ne6 26. Rcc1
Red8 27. Rc4 Rd6 28. Rd2 Kb6 29. Ke2 R8d7 30. Nf3 Rxd2+ 31. Nxd2 Kb5 32. a4+
Kb6 33. Re4 Nc5 34. Rd4 a5 35. Rxd7 Nxd7 36. Nc4+ Ka6 37. Kd3 Nc5+ 38. Kc3 g5
39. Nd6 Kb6 40. g4 Kc6 41. Ne8 Ne4+ 42. Kd4 Nd2 43. Nxf6 Nxb3+ 44. Kc4 Nd2+ 45.
Kc3 Nf1 46. h3 Nxe3 47. Nxh7 Kc5 48. Nxg5 Nd5+ 49. Kb3 Nf6 50. Nf3 Kb6 51. g5
Ng8 52. h4 1-0

[Event "4NCL Division Four"]
[Site "Daventry, ENG"]
[Date "2023.02.04"]
[Round "5.31"]
[White "Stewart, Joseph J"]
[Black "Franco, Gaston"]
[Result "1/2-1/2"]
[WhiteElo "2229"]
[BlackElo "2051"]
[PlyCount "42"]
[EventDate "2023.02.04"]
[WhiteTeam "Wotton Hall"]
[BlackTeam "Celtic Tigers 2"]

1. e4 c5 2. Nf3 Nc6 3. d4 cxd4 4. Nxd4 g6 5. Nc3 Bg7 6. Be3 Nf6 7. Bc4 O-O 8.
Bb3 a5 9. a4 Ng4 10. Nxc6 Nxe3 11. Nxd8 Nxd1 12. Nxd1 Rxd8 13. c3 d6 14. Ne3
Bd7 15. Nd5 Kf8 16. O-O-O Bc6 17. f3 b5 18. axb5 Bxb5 19. Nc7 Rab8 20. Nxb5
Rxb5 21. Ba4 Rc5 1/2-1/2

[Event "4NCL Division Four"]
[Site "Daventry, ENG"]
[Date "2023.02.04"]
[Round "5.32"]
[White "Brixel, Christof"]
[Black "Ashworth, Michael"]
[Result "1/2-1/2"]
[WhiteElo "1952"]
[BlackElo "2174"]
[PlyCount "60"]
[EventDate "2023.02.04"]
[WhiteTeam "Celtic Tigers 2"]
[BlackTeam "Wotton Hall"]

1. Nf3 g6 2. b4 Bg7 3. d4 d6 4. Bb2 c5 5. c3 cxb4 6. cxb4 Qb6 7. Qd2 Nc6 8. a3
Nf6 9. Nc3 Bg4 10. e3 O-O 11. Be2 Rac8 12. O-O e5 13. dxe5 dxe5 14. Na4 Qc7 15.
Rac1 Rfd8 16. Qe1 Qe7 17. b5 e4 18. bxc6 exf3 19. Bxf3 Bxf3 20. gxf3 Rxc6 21.
Rxc6 bxc6 22. Qe2 Nd5 23. Rd1 Rb8 24. Bxg7 Kxg7 25. Qc4 Qf6 26. f4 Rb5 27. Nc5
Qe7 28. Qd4+ Qf6 29. Qc4 Qe7 30. Qd4+ Qf6 1/2-1/2

[Event "4NCL Division Four"]
[Site "Daventry, ENG"]
[Date "2023.02.04"]
[Round "5.33"]
[White "Ashworth, Robert"]
[Black "Tivillier, Jacques"]
[Result "1-0"]
[WhiteElo "1916"]
[BlackElo "1758"]
[PlyCount "21"]
[EventDate "2023.02.04"]
[WhiteTeam "Wotton Hall"]
[BlackTeam "Celtic Tigers 2"]

1. e4 c5 2. Nf3 a6 3. c3 d5 4. exd5 Qxd5 5. d4 Nf6 6. Nbd2 cxd4 7. cxd4 Bg4 8.
Bc4 Qd8 9. Qb3 e6 10. Qxb7 Nbd7 11. O-O 1-0

[Event "4NCL Division Four"]
[Site "Daventry, ENG"]
[Date "2023.02.04"]
[Round "5.34"]
[White "Sturt, Charles A"]
[Black "Maclannan, Richard"]
[Result "0-1"]
[WhiteElo "1600"]
[BlackElo "1822"]
[PlyCount "126"]
[EventDate "2023.02.04"]
[WhiteTeam "Celtic Tigers 2"]
[BlackTeam "Wotton Hall"]

1. e4 e5 2. Nf3 Nc6 3. Nc3 Nf6 4. Bb5 Nd4 5. Nxe5 Nxb5 6. Nxb5 c6 7. Nc3 d5 8.
exd5 Nxd5 9. Nxd5 Qxd5 10. O-O Bd6 11. Re1 O-O 12. d4 c5 13. Nf3 Bg4 14. dxc5
Qxd1 15. Rxd1 Bxc5 16. Be3 Bxe3 17. fxe3 Rfe8 18. Kf2 Rac8 19. Rd2 f6 20. Nd4
Rc5 21. h3 Bh5 22. Nf3 Re7 23. Rad1 Kf7 24. c3 Rb5 25. c4 Rc5 26. Rd5 Bxf3 27.
Kxf3 Rxc4 28. Rd7 Rc2 29. R1d2 Rxd2 30. Rxd2 Ke6 31. e4 Rc7 32. g4 Rc5 33. Kf4
Rc1 34. Rd8 Rc2 35. Re8+ Kf7 36. Rd8 Rxb2 37. Rd7+ Kf8 38. Kf5 Rb6 39. h4 Rb5+
40. Kf4 h5 41. gxh5 Rxh5 42. Rxb7 Ra5 43. Rb2 Kf7 44. h5 Kg8 45. Rh2 Kh7 46.
Ke3 Kh6 47. Kf4 Re5 48. Rh3 a5 49. Rb3 Kxh5 50. a4 g5+ 51. Kf3 g4+ 52. Kg3 Rxe4
53. Rb5+ Re5 54. Rb8 Kg5 55. Rg8+ Kf5 56. Rxg4 Re3+ 57. Kh4 Re4 58. Rxe4 Kxe4
59. Kg3 f5 60. Kf2 Kf4 61. Kf1 Ke3 62. Ke1 f4 63. Kf1 Kf3 0-1

[Event "4NCL Division Four"]
[Site "Daventry, ENG"]
[Date "2023.02.04"]
[Round "5.35"]
[White "Moldovan, Alexandru-Mitic"]
[Black "Perchard, Matthew"]
[Result "1/2-1/2"]
[WhiteElo "1776"]
[BlackElo "1506"]
[PlyCount "128"]
[EventDate "2023.02.04"]
[WhiteTeam "Wotton Hall"]
[BlackTeam "Celtic Tigers 2"]

1. e4 e6 2. d4 d5 3. Nc3 Bb4 4. exd5 exd5 5. Bd3 c6 6. Nge2 Ne7 7. O-O O-O 8.
Nf4 Bf5 9. Qh5 Bxd3 10. Nxd3 Ng6 11. Bg5 Qc7 12. Rae1 Nd7 13. Re3 Rfe8 14. Rh3
Ndf8 15. f4 f6 16. Nxb4 fxg5 17. Qxg5 Qe7 18. Qxe7 Rxe7 19. f5 Nh8 20. Nd3 Nd7
21. Rg3 Nf6 22. Nf4 Nf7 23. Nd1 Rae8 24. Nf2 Nd6 25. Ng4 Nxg4 26. Rxg4 Nxf5 27.
Nh5 Rf8 28. Rgf4 Ref7 29. Re1 Nd6 30. Rg4 Nc4 31. b3 Ne3 32. Rxg7+ Rxg7 33.
Nxg7 Nxg2 34. Re7 Ne3 35. Rxe3 Kxg7 36. Kg2 Rf6 37. Re7+ Rf7 38. Rxf7+ Kxf7 39.
Kf3 Kf6 40. Kf4 h6 41. c4 a5 42. c5 Ke6 43. a3 Kf6 44. Kg4 Ke6 45. Kh5 Kf5 46.
Kxh6 Ke4 47. h4 Kxd4 48. Kg5 Ke3 49. h5 d4 50. h6 d3 51. h7 d2 52. h8=Q d1=Q
53. Qe5+ Kd3 54. Qd6+ Kc2 55. b4 Qc1+ 56. Kf5 Qxa3 57. Qh2+ Kb3 58. Ke5 Qxb4
59. Qf2 a4 60. Kd6 a3 61. Qf7+ Kb2 62. Qf2+ Ka1 63. Kc7 a2 64. Qc2 Qb1 1/2-1/2

[Event "4NCL Division Four"]
[Site "Daventry, ENG"]
[Date "2023.02.04"]
[Round "5.36"]
[White "Rigby, Charles"]
[Black "Munden, Matthew J"]
[Result "1/2-1/2"]
[WhiteElo "1481"]
[BlackElo "1571"]
[PlyCount "45"]
[EventDate "2023.02.04"]
[WhiteTeam "Celtic Tigers 2"]
[BlackTeam "Wotton Hall"]

1. d4 d5 2. Bf4 c6 3. e3 Nf6 4. Bd3 Nbd7 5. Nd2 g6 6. c3 Bg7 7. Ngf3 O-O 8. h3
Re8 9. Bh2 Kh8 10. O-O Ng8 11. Ne5 Nxe5 12. dxe5 f6 13. Nf3 Be6 14. Qc2 Nh6 15.
a4 Qd7 16. Rab1 Rad8 17. b4 Nf7 18. exf6 exf6 19. Nd4 Ne5 20. Be2 Rc8 21. Rfd1
Qe7 22. Nxe6 Qxe6 23. e4 1/2-1/2

[Event "4NCL Division Four"]
[Site "Daventry, ENG"]
[Date "2023.02.04"]
[Round "5.41"]
[White "Page, Thomas"]
[Black "Tenin, Aleksander"]
[Result "0-1"]
[WhiteElo "1667"]
[BlackElo "2110"]
[PlyCount "44"]
[EventDate "2023.02.04"]
[WhiteTeam "Barnet Knights C"]
[BlackTeam "War and Piece A"]

1. e4 e5 2. f4 Bc5 3. Nf3 d6 4. c3 Bg4 5. Bc4 Qf6 6. fxe5 dxe5 7. d4 Bxf3 8.
gxf3 exd4 9. Qe2 Nc6 10. Bb5 Nge7 11. Rg1 dxc3 12. e5 Qh4+ 13. Rg3 cxb2 14.
Bxb2 O-O-O 15. Kf1 Nd4 16. Qc4 Qxh2 17. Qxc5 Qxb2 18. Qxa7 Qxb5+ 19. Kf2 Qb2+
20. Kg1 Ne2+ 21. Kh2 Nxg3+ 22. Kxg3 Qxe5+ 0-1

[Event "4NCL Division Four"]
[Site "Daventry, ENG"]
[Date "2023.02.04"]
[Round "5.42"]
[White "Thurlow, Kevin J"]
[Black "Veselow, Zoe"]
[Result "1-0"]
[WhiteElo "2029"]
[BlackElo "1697"]
[PlyCount "91"]
[EventDate "2023.02.04"]
[WhiteTeam "War and Piece A"]
[BlackTeam "Barnet Knights C"]

1. c4 Nf6 2. Nc3 e6 3. e4 d6 4. d4 Nbd7 5. Nf3 c5 6. d5 e5 7. Bd3 Be7 8. O-O
O-O 9. h3 h6 10. Be3 a6 11. a4 Re8 12. Qd2 Nf8 13. Nh2 Ng6 14. f4 exf4 15. Bxf4
Nh7 16. Rae1 Bf6 17. Nf3 Ne5 18. Nxe5 Bxe5 19. Ne2 a5 20. Rf3 Bd7 21. b3 Nf6
22. Bc2 Qe7 23. Ng3 Bd4+ 24. Kh1 b6 25. Be3 Bxe3 26. Rexe3 Qe5 27. Nf5 Bxf5 28.
Rxf5 Qb2 29. e5 dxe5 30. Rxf6 Qd4 31. Rf2 Rad8 32. Rg3 Qxd2 33. Rxd2 e4 34. Re2
f5 35. Rg6 Rb8 36. g4 fxg4 37. Rxg4 Rb7 38. Rgxe4 Rxe4 39. Rxe4 Kf7 40. Re6 Rb8
41. Kg2 Kf8 42. Bg6 Kg8 43. d6 h5 44. d7 Kf8 45. Re8+ Rxe8 46. dxe8=R# 1-0

[Event "4NCL Division Four"]
[Site "Daventry, ENG"]
[Date "2023.02.04"]
[Round "5.43"]
[White "Horan, Sean"]
[Black "Tucker, David S"]
[Result "0-1"]
[WhiteElo "1526"]
[BlackElo "1977"]
[PlyCount "58"]
[EventDate "2023.02.04"]
[WhiteTeam "Barnet Knights C"]
[BlackTeam "War and Piece A"]

1. e4 c5 2. Nf3 Nc6 3. d4 cxd4 4. Nxd4 g6 5. Nc3 Bg7 6. Nb3 a5 7. Be3 a4 8. Nd4
a3 9. b3 Nf6 10. Nxc6 bxc6 11. Bd3 Qa5 12. Bd2 Qc7 13. O-O d5 14. exd5 Nxd5 15.
Nxd5 cxd5 16. Rb1 O-O 17. Qf3 Bb7 18. Rfe1 e5 19. Qg3 f5 20. c4 f4 21. Qg4 Bc8
22. Qd1 e4 23. Bf1 Bf5 24. Bxf4 Qxf4 25. Qxd5+ Kh8 26. Re3 Rad8 27. Qa5 Bd4 28.
Rd1 Bg4 29. g3 Qxf2+ 0-1

[Event "4NCL Division Four"]
[Site "Daventry, ENG"]
[Date "2023.02.04"]
[Round "5.44"]
[White "Barnes, David"]
[Black "Smith, Henry"]
[Result "1-0"]
[WhiteElo "1752"]
[BlackElo "1489"]
[PlyCount "59"]
[EventDate "2023.02.04"]
[WhiteTeam "War and Piece A"]
[BlackTeam "Barnet Knights C"]

1. e4 c5 2. d4 cxd4 3. c3 Nf6 4. e5 Ne4 5. Qxd4 d5 6. f3 Nc6 7. Bb5 e6 8. fxe4
Qh4+ 9. g3 Qxe4+ 10. Qxe4 dxe4 11. Be3 Bd7 12. Bxc6 Bxc6 13. Ne2 Rd8 14. Nd4
Rd5 15. Nxc6 bxc6 16. Nd2 Rxe5 17. O-O-O f5 18. Nc4 Rd5 19. Bxa7 Be7 20. Rxd5
cxd5 21. Ne5 O-O 22. a4 Rd8 23. Nc6 Bf6 24. a5 Rc8 25. Nd4 e5 26. Nxf5 d4 27.
Nd6 Rc7 28. Bb6 Rc6 29. Nxe4 dxc3 30. bxc3 1-0

[Event "4NCL Division Four"]
[Site "Daventry, ENG"]
[Date "2023.02.04"]
[Round "5.45"]
[White "Michener, Max"]
[Black "O'Byrne, Daniel"]
[Result "1-0"]
[WhiteElo "1502"]
[BlackElo "1703"]
[PlyCount "71"]
[EventDate "2023.02.04"]
[WhiteTeam "Barnet Knights C"]
[BlackTeam "War and Piece A"]

1. e4 e5 2. Nc3 Nc6 3. Bc4 Nf6 4. d3 h6 5. f4 Bb4 6. Bd2 d6 7. f5 a6 8. a3 Bc5
9. h3 Bd7 10. Nf3 Nh5 11. g4 Ng3 12. Rh2 h5 13. Bg5 f6 14. Bh4 hxg4 15. hxg4
Nxf5 16. gxf5 Qe7 17. Nd5 Qd8 18. Nd2 Na5 19. Qg4 Kf8 20. Rg2 g5 21. Bf2 Bxf2+
22. Kxf2 c6 23. Ne3 Nxc4 24. Nexc4 d5 25. exd5 cxd5 26. Ne3 Rh4 27. Qg3 Qb6 28.
Ke2 Bc6 29. Nf3 Rh8 30. Nxe5 Qxb2 31. Ng6+ Kg7 32. Qc7+ Kg8 33. Nxh8 Be8 34.
Rag1 Bh5+ 35. Kd2 Bf3 36. Qf7+ 1-0

[Event "4NCL Division Four"]
[Site "Daventry, ENG"]
[Date "2023.02.04"]
[Round "5.46"]
[White "Ross, David C"]
[Black "Lee, Xander"]
[Result "1-0"]
[WhiteElo "1696"]
[BlackElo "1245"]
[PlyCount "57"]
[EventDate "2023.02.04"]
[WhiteTeam "War and Piece A"]
[BlackTeam "Barnet Knights C"]

1. e4 d6 2. d4 Nf6 3. Bd3 g6 4. Nf3 Bg7 5. c3 c5 6. Nbd2 O-O 7. O-O Nbd7 8. Re1
e5 9. dxe5 Nxe5 10. Nxe5 dxe5 11. Nf3 Re8 12. Bg5 Qb6 13. Qc2 Bg4 14. Nd2 Rad8
15. h3 Be6 16. Rad1 Qc6 17. Nc4 Bxc4 18. Bxc4 Rxd1 19. Qxd1 Nxe4 20. Bd5 Qb6
21. Bxe4 Qxb2 22. Qd7 Rb8 23. Bd5 Qxc3 24. Qxf7+ Kh8 25. Rf1 Rf8 26. Qe6 e4 27.
Be7 e3 28. Bxf8 exf2+ 29. Kh1 1-0

[Event "4NCL Division Four"]
[Site "Daventry, ENG"]
[Date "2023.02.04"]
[Round "5.51"]
[White "Kothari, Jai"]
[Black "Hazlehurst, Cory S"]
[Result "1/2-1/2"]
[WhiteElo "1855"]
[BlackElo "2035"]
[PlyCount "85"]
[EventDate "2023.02.04"]
[WhiteTeam "Guildford Young Guns"]
[BlackTeam "MASCeteers"]

1. e4 c6 2. d4 d5 3. Nc3 dxe4 4. Nxe4 Bf5 5. Ng3 Bg6 6. Nf3 Nd7 7. h4 h6 8. h5
Bh7 9. Bc4 e6 10. Qe2 Ngf6 11. Bf4 Qa5+ 12. Bd2 Bb4 13. c3 Be7 14. O-O Nxh5 15.
b4 Nxg3 16. fxg3 Qh5 17. Rae1 Nf6 18. b5 Be4 19. Ne5 Qxe2 20. Rxe2 O-O 21. bxc6
Bxc6 22. Nxc6 bxc6 23. Bb3 Rab8 24. c4 Rfd8 25. Bc3 Bb4 26. Bb2 Ba5 27. Kh2
Ng4+ 28. Kh1 h5 29. Re4 Bc7 30. d5 Bxg3 31. dxe6 fxe6 32. Re2 Rf8 33. Rc1 Rf2
34. Rxf2 Nxf2+ 35. Kg1 Nd3 36. Rc2 Nxb2 37. Rxb2 Kf7 38. Re2 Re8 39. Rd2 Re7
40. Kf1 Kf6 41. Ke2 Ke5 42. c5 Kf5 43. Rd8 1/2-1/2

[Event "4NCL Division Four"]
[Site "Daventry, ENG"]
[Date "2023.02.04"]
[Round "5.52"]
[White "Hurney, Kevin"]
[Black "Sachdeva, Ronit"]
[Result "1/2-1/2"]
[WhiteElo "2028"]
[BlackElo "1820"]
[PlyCount "109"]
[EventDate "2023.02.04"]
[WhiteTeam "MASCeteers"]
[BlackTeam "Guildford Young Guns"]

1. e4 c5 2. Nf3 d6 3. d4 cxd4 4. Nxd4 Nf6 5. Nc3 a6 6. Be2 e5 7. Nb3 Be7 8. a4
Nc6 9. Be3 Be6 10. O-O d5 11. exd5 Nxd5 12. Nxd5 Bxd5 13. c4 Be6 14. a5 O-O 15.
Bb6 Qe8 16. Nc5 Bd8 17. Nxb7 Bxb6 18. axb6 Qb8 19. Nc5 Qxb6 20. Nxe6 fxe6 21.
Bf3 Rad8 22. Qa4 Nd4 23. Bg4 Rf6 24. Qa5 Qb8 25. Rae1 Nb3 26. Qxe5 Nd2 27.
Bxe6+ Kh8 28. Qxb8 Rxb8 29. Bd5 Nxf1 30. Kxf1 Rfb6 31. Ra1 Rf6 32. Ra2 g5 33.
f3 Rb4 34. c5 Rf5 35. Be6 Rxc5 36. b3 a5 37. Rd2 Rb7 38. Kf2 Kg7 39. Rd6 Re7
40. Bd5 Kf8 41. Be4 Rb5 42. Rd3 Rc5 43. Rd8+ Kg7 44. Rb8 Rf7 45. g4 Ra7 46. b4
axb4 47. Rxb4 Rca5 48. h3 Ra1 49. Rb5 h6 50. Rb6 R1a6 51. Rb8 Kf6 52. Rb5 Re7
53. Rf5+ Kg7 54. Rb5 Rae6 55. Ke3 1/2-1/2